Основы технологии органического синтеза: учебно-методическое пособие

Xehetasun bibliografikoak
Egile nagusia: Климентова Г. Ю.
Erakunde egilea: Казанский государственный технологический университет (КГТУ)
Beste egile batzuk: Журавлева М. В.
Gaia:Изложены основные методы получения и химические свойства различных классов органических соединений, их номенклатура. Приведены основные характеристики материального баланса технологических процессов получения и выделения органических веществ. Даны контрольные вопросы для проверки усвоения материала, приведены примеры решения заданий.Предназначено для практических занятий студентов 2 курса факультета социальных и гуманитарных технологий специальности 060800 (080 502.65 «Экономика и управление химическим предприятием») очной формы обучения.
Hizkuntza:errusiera
Argitaratua: Казань, КГТУ, 2008
Gaiak:
Formatua: MixedMaterials Liburua
KOHA link:https://koha.lib.tpu.ru/cgi-bin/koha/opac-detail.pl?biblionumber=164419

MARC

LEADER 00000nam0a2200000 4500
001 164419
005 20231101222456.0
010 |a 9785788206189 
035 |a (RuTPU)RU\TPU\book\178374 
090 |a 164419 
100 |a 20090907d2008 m y0rusy50 ca 
101 0 |a rus 
102 |a RU 
105 |a y j 001zy 
200 1 |a Основы технологии органического синтеза  |e учебно-методическое пособие  |f Г. Ю. Климентова, М. В. Журавлева  |g Казанский государственный технологический университет (КГТУ) 
210 |a Казань  |c КГТУ  |d 2008 
215 |a 92 с. 
320 |a Библиогр.: с. 91. 
330 |a Изложены основные методы получения и химические свойства различных классов органических соединений, их номенклатура. Приведены основные характеристики материального баланса технологических процессов получения и выделения органических веществ. Даны контрольные вопросы для проверки усвоения материала, приведены примеры решения заданий.Предназначено для практических занятий студентов 2 курса факультета социальных и гуманитарных технологий специальности 060800 (080 502.65 «Экономика и управление химическим предприятием») очной формы обучения. 
606 1 |a Органический синтез  |x Процессы  |2 stltpush  |3 (RuTPU)RU\TPU\subj\73683  |9 86544 
610 1 |a химическая технология 
610 1 |a органический синтез 
610 1 |a органические соединения 
610 1 |a классификация 
610 1 |a номенклатура 
610 1 |a химические свойства 
610 1 |a получение 
610 1 |a материальный баланс 
610 1 |a учебно-методические пособия 
610 1 |a учебные пособия 
675 |a 661.7(075.8)  |v 3 
700 1 |a Климентова  |b Г. Ю. 
701 1 |a Журавлева  |b М. В. 
712 0 2 |a Казанский государственный технологический университет (КГТУ)  |c (1992- )  |2 stltpush  |3 (RuTPU)RU\TPU\col\224 
801 1 |a RU  |b 63413507  |c 20090907 
801 2 |a RU  |b 63413507  |c 20141204  |g RCR 
900 |a Химия и технология основного органического и нефтехимического синтеза 
900 |a Методы органического синтеза 
900 |a Инновационное развитие химической технологии органических веществ 
942 |c BK